000 03270nam a22002537a 4500
003 URS
005 20250317215240.0
008 250313b |||||||| |||| 00| 0 eng d
050 0 0 _a LG 221.R59
_b.Ar286 2019
100 1 _aArdillos, Mark Jayson B.
_eResearcher
245 1 0 _aPanunuri ng mga piling alamat sa lalawigan ng Rizal/
_cMark Jayson B. Ardillos, Daryl Faeldonia Balbino [and] Hannah Q. Rogelio
260 1 _c2019
300 _ax 47 leaves;
_bIllustrations,
_c28cm,
336 _2rdacontent
_atext
337 _2rdamedia
_aunmediated
338 _2rdacarrier
_avolume
502 _aUndergraduate Thesis
_bBachelor of Secondary Education major in Filipino
_c University of Rizal System, Rodriguez, Rizal
_d2019
520 _aIsinagawa ang pag-aaral na ito upang masuri ang "Mga piling alamat sa lalawigan ng Rizal. Ang mga mananaliksik ay gumamit ng pamamaraang Kwalitatibong Pag-aaral at Panunuring Pampanitikan, ito ay tumutukoy sa pagbibigay suri ayon sa kwento o pagkakasunod ng nasuring alamat na katanggap tanggap sa mga mambabasa. Ang pag-aaral na ito ay naglalayong masuri ang mga piling alamat sa lalawigan ng rizal at upang malaman narin ang daloy ng totoong kwento ng mga ito. Sa kabuuan ng pag-aaral naipakita ang mga tauhang gumanap sa mga Alamat tulad nila Maning na pangunahing tauhan, Tata Anong, Minggan, Mariang Sinukuan at ang Dalaga na mas naging malinaw dahil sa kanilang pagganap sa alamat ng Bundok ng suso ni Dalaga. Sa alamat ng Cainta naman ay si Jacinta na isang babaeng may malinis na kalooban na biniyayan ng nobyo. Sa tagpuan naman ng mga piling alamat ay nangyari sa San Miguel na kabila lamang ng Bundok ng Montalban at ang isa naman ay sa mismong lalawigan ng Cainta, Napagsunod-sunod ang daloy ng kwento o na banghay mula sa simula hanggang sa wakas nito. Sa paksa o tema naman ng mga piling alamat, ang Alamat ng Bundok ng Suso ni Dalaga ay may paksang pag-ibig at sa Ang Cainta naman ay magandang katangian taglay ng pangunahing tauhan. Mayroong mga Teoryang pampanitikan ang nangibabaw sa mga alamat na ito, Sa unang alamat ay Romantisismo samantalang ang ikalawa naman Humanismo Nakita sa pag-aaral na may bisa sa lipunan, kaisipan at damdamin ang parehong alamat. Ang kaisipan na nagkapagbigay impormasyon tungkol sa mga pinagmulan ng mga ito, Sa lipunan na nakakaimpluwensiya sa kultura ng pinagmulan nito. At may nakakamanghang pakiramdam matapos basahin o masuri ang mga ito. Ang mga piling alamat ay nagiiwan ng magagandang aral, isa na rito ang pagiging mabuti sa mga tao at pagsasakripisyo ng pag-ibig para sa ikasasaya ng minamahal na nagpaganda at nagpahumaling basahin ang akda. Sa kabuuan nito gumawa ng mga ilang rekomendasyon o mungkahing magpapakita ng pagpapahalaga sa mga guro, mag-aaral at sa mga susunod pang mananaliksik Malaki ang impluwensiya ng pagsusuring ito lalong lalo na sa mga kabataan ngayon at sa mga parating palang na henerasyon, may mababasa silang totoong kwento ng mga ito at makakapagpaalala kung paano nagsimula ang mga alamat.
650 _2 upang masuri ang "Mga piling alamat sa lalawigan ng Rizal.
700 _aBalbino, Daryl Faeldonia
_eResearcher
700 _aRogelio, Hannah Q.
_eResearcher
700 _aAdolfo, Maria Riza A.
_eadviser
942 _2lcc
_cT
999 _c82354
_d82353